[Event "AUTO-INT-1968"]
[Site "http://www.queenalice.com/game.php?id=906480"]
[Date "2011.2.27"]
[Round "1"]
[White "epc"]
[Black "Orly"]
[Result "0-1"]
[WhiteElo "1598"]
[BlackElo "1747"]

1. e4 e5 2. Nf3 Nc6 3. Bc4 Bc5 4. d3 Nf6 5. Ng5 d5 6. exd5 Nxd5 7. O-O O-O 8.
Re1 Be6 9. Nxe6 fxe6 10. Qg4 Bxf2+ 11. Kf1 Bxe1+ 12. Kxe1 Qf6 13. d4 Qf2+ 14.
Kd1 Nxd4 15. Bh6 Qxc2+ 16. Ke1 Qf2+ 17. Kd1 Qg1+ 18. Kd2 Rf2+ 19. Kd3 Qf1+ 20.
Ke4 Qe1+ 21. Kd3 Nb4# 0-1

[Event "AUTO-INT-1968"]
[Site "http://www.queenalice.com/game.php?id=906481"]
[Date "2011.2.27"]
[Round "1"]
[White "Orly"]
[Black "epc"]
[Result "0-1"]
[WhiteElo "1768"]
[BlackElo "1646"]

1. e4 e5 2. Nf3 Nc6 3. Bb5 a6 4. Bxc6 dxc6 5. Nxe5 f6 6. Nf3 f5 7. e5 c5 8. Qe2
Be6 9. O-O Qd7 10. Nc3 O-O-O 11. d3 Ne7 12. Bg5 h6 13. Bxe7 Bxe7 14. b3 g5 15.
Rad1 g4 16. Nd2 Qd4 17. Ndb1 f4 18. Qe4 g3 19. Qxd4 cxd4 20. Ne2 Bg5 21. fxg3
fxg3 22. hxg3 Bg4 23. Rde1 Rde8 24. Nxd4 c5 25. Nf5 Re6 26. Nd6+ Kc7 27. Nc3 Bd2
28. Nd5+ Kc6 29. Re4 Kxd5 30. c4+ Kc6 31. Rxg4 Rxe5 32. Nf5 h5 33. Rg7 Kb6 34.
Ne7 h4 35. g4 Re2 36. Nd5+ Ka7 37. Nf4 Re3 38. Nh3 Rxd3 39. g5 Be3+ 40. Kh2 Bd4
41. Rgf7 Rd8 42. g6 Be5+ 43. Kh1 Rg3 44. R1f5 Rd1+ 45. Ng1 Bb8 46. g7 h3 47. Rf2
hxg2+ 0-1

[Event "Challenge"]
[Site "http://www.queenalice.com/game.php?id=909342"]
[Date "2011.3.6"]
[Round "-"]
[White "epc"]
[Black "APSHOOTER"]
[Result "1-0"]
[WhiteElo "1598"]
[BlackElo "1713"]

1. e4 d5 2. exd5 Qxd5 3. Nc3 Qe5+ 4. Be2 Nf6 5. Nf3 Qf5 6. O-O Nc6 7. d4 Qg6 8.
Nh4 Bg4 9. Nxg6 Bxe2 10. Nxe2 fxg6 11. Re1 O-O-O 12. c3 e5 13. Be3 Bc5 14. Qa4
exd4 15. cxd4 Bb4 16. Red1 Nd5 17. a3 Nxe3 18. fxe3 Bd6 19. d5 Nb8 20. Rac1 a6
21. Qg4+ Nd7 22. Qd4 Be5 23. Qc4 Bd6 24. Nf4 Nb6 25. Qc3 Rhe8 26. Ne6 Rd7 27.
Nxg7 Be5 28. Qc5 Rxg7 29. d6 Bxd6 30. Rxd6 Rf7 31. Qxb6 Kb8 32. Qb3 Rfe7 33. Rd3
Rf8 34. Qb4 Rff7 35. Rd8+ Ka7 36. Qc5+ b6 37. Qc6 b5 38. Qa8+ Kb6 39. Rc6+ 1-0

[Event "Challenge"]
[Site "http://www.queenalice.com/game.php?id=918318"]
[Date "2011.3.28"]
[Round "-"]
[White "epc"]
[Black "APSHOOTER"]
[Result "1-0"]
[WhiteElo "1669"]
[BlackElo "1722"]

1. e4 d5 2. Nc3 e6 3. Bb5+ c6 4. Be2 d4 5. Na4 e5 6. c3 Nf6 7. d3 b5 8. cxd4
bxa4 9. dxe5 Bb4+ 10. Bd2 Bxd2+ 11. Qxd2 Ng8 12. Nf3 h6 13. O-O Be6 14. d4 Ne7
15. Rfd1 O-O 16. Qb4 Nd7 17. Qxa4 Rb8 18. Rdb1 a5 19. Nh4 Nb6 20. Qxa5 Nc4 21.
Qc3 Nb6 22. b3 Ng6 23. Nf5 Nf4 24. Qf3 Nxe2+ 25. Qxe2 Bxf5 26. exf5 Nd5 27. Qg4
Nb4 28. f6 g6 29. Rd1 Ra8 30. d5 cxd5 31. Qxb4 Re8 32. Qf4 Kh7 33. Rd4 Re6 34.
a4 Qc7 35. Re1 Qc3 36. Rdd1 Qxb3 37. g4 Rxa4 38. Rd4 Rxd4 39. Qxd4 Qb7 40. Qf4
Qc6 41. g5 h5 42. Rc1 Qe8 43. Re1 Qb5 44. Rc1 Qb6 45. Rc8 Qa7 46. Rd8 Qa1+ 47.
Kg2 Rxe5 48. Rf8 Qb2 49. Rxf7+ Kh8 50. Rg7 Re2 51. Rxg6 Re4 52. Rh6+ Kg8 53. f7+
Kf8 54. Qd6+ Kg7 55. f8=Q# 1-0

[Event "AUTO-INT-1998"]
[Site "http://www.queenalice.com/game.php?id=920902"]
[Date "2011.4.2"]
[Round "1"]
[White "castropereira"]
[Black "epc"]
[Result "0-1"]
[WhiteElo "1110"]
[BlackElo "1693"]

1. e4 e5 2. Nf3 Nc6 3. c3 Bc5 4. h4 d5 5. exd5 Qxd5 6. c4 Qe4+ 7. Qe2 Qf5 8. g4
Qxg4 9. a3 Nd4 10. Qxe5+ Qe6 11. Qxe6+ Nxe6 12. b4 Be7 13. h5 h6 14. Ne5 b6 15.
c5 Bb7 16. cxb6 axb6 17. Ra2 Bxh1 18. d3 Rd8 19. f3 Nf6 20. Rh2 Rd5 21. Nc4 Bxf3
22. Nc3 Rxh5 23. Rf2 Nd4 24. a4 O-O 25. Bf4 Bxb4 26. Bxc7 Bxc3+ 27. Rd2 Re8+ 28.
Kf2 Rh2+ 29. Kg1 Rh1+ 30. Kf2 Ng4+ 31. Kg3 Rxf1 32. Bxb6 Ne2+ 33. Rxe2 Rxe2 34.
a5 Rg2+ 35. Kf4 Bd5+ 36. Bf2 Rfxf2# 0-1

[Event "AUTO-INT-1998"]
[Site "http://www.queenalice.com/game.php?id=920903"]
[Date "2011.4.2"]
[Round "1"]
[White "epc"]
[Black "castropereira"]
[Result "1-0"]
[WhiteElo "1667"]
[BlackElo "1157"]

1. e4 e5 2. Nc3 a5 3. Bc4 h5 4. Nf3 h4 5. Nxe5 f6 6. Nf7 Qe7 7. Nxh8 Nh6 8. Qh5+
Kd8 9. Nf7+ Ke8 10. Nxh6+ Kd8 11. Ng8 Qe8 12. O-O a4 13. Qxh4 Bd6 14. Re1 c6 15.
a3 g5 16. Qh6 Bf8 17. Qxf6+ Be7 18. Qd4 Bf8 19. Qb6# 1-0

[Event "AUTO-INT-1998"]
[Site "http://www.queenalice.com/game.php?id=920916"]
[Date "2011.4.2"]
[Round "1"]
[White "epc"]
[Black "shimon"]
[Result "1-0"]
[WhiteElo "1700"]
[BlackElo "1541"]

1. e4 e6 2. Nc3 Nf6 3. e5 Ng8 4. d4 d6 5. Nf3 d5 6. Bb5+ c6 7. Be2 Nd7 8. O-O b5
9. a4 b4 10. Nb1 Ne7 11. Bd2 a5 12. c3 Nf5 13. Ng5 Be7 14. Qc1 c5 15. Bb5 Ba6
16. Re1 c4 17. Bf4 b3 18. Qd1 Bxb5 19. axb5 a4 20. Qh5 g6 21. Qg4 Qb6 22. Na3 h6
23. Nf3 h5 24. Qh3 O-O-O 25. Ng5 Rdf8 26. Bd2 Kc7 27. Nf3 Rfg8 28. Bg5 Bf8 29.
Bf6 Nxf6 30. exf6 g5 31. g4 hxg4 32. Qxg4 Nh4 33. Nxg5 Rg6 34. Qf4+ Kd7 35. Kf1
Nf5 36. Nxf7 Rh4 37. Qe5 Rhg4 38. Nh8 Rh6 39. f7 Bg7 40. Qe2 Re4 41. Qf3 1-0

[Event "AUTO-INT-1998"]
[Site "http://www.queenalice.com/game.php?id=920917"]
[Date "2011.4.2"]
[Round "1"]
[White "shimon"]
[Black "epc"]
[Result "0-1"]
[WhiteElo "1544"]
[BlackElo "1695"]

1. e4 e5 2. Nf3 Nc6 3. Bb5 Nf6 4. d3 Bb4+ 5. c3 Bc5 6. Bxc6 dxc6 7. Nxe5 O-O 8.
O-O Re8 9. Nf3 Bg4 10. b4 Bb6 11. c4 Bd4 12. Nc3 Bxc3 13. Rb1 Qe7 14. a3 b5 15.
c5 Rad8 16. Rb3 Bd4 17. Qe2 Qe6 18. Be3 Qxb3 19. h3 Bxe3 20. Qxe3 Rxd3 21. Qf4
Bxf3 22. gxf3 Rxf3 23. Qxc7 Qxa3 24. Qxc6 Rxh3 25. f4 Qg3# 0-1

[Event "AUTO-INT-1998"]
[Site "http://www.queenalice.com/game.php?id=920918"]
[Date "2011.4.2"]
[Round "1"]
[White "epc"]
[Black "Ralfostarr"]
[Result "1-0"]
[WhiteElo "1689"]
[BlackElo "1464"]

1. e4 e5 2. Nf3 Nc6 3. d3 Nf6 4. Be2 Bc5 5. O-O h5 6. Nc3 Ng4 7. Bg5 f6 8. Be3
Bxe3 9. fxe3 Nxe3 10. Qe1 Nxf1 11. Bxf1 g5 12. Qe3 g4 13. Nh4 Nd4 14. Rc1 Rf8
15. Ng6 Rg8 16. Qh6 g3 17. hxg3 Kf7 18. Qh7+ Rg7 19. Nh8+ Kf8 20. Qxh5 Kg8 21.
Ng6 Qe8 22. Nf4 Qxh5 23. Nxh5 Rg6 24. g4 d6 25. Nd5 Bxg4 26. Nhxf6+ Kf7 27. Nxg4
Rxg4 28. Ne3 Rg3 29. c3 Ne6 30. Nf5 Rg5 31. d4 Rh8 32. Bc4 exd4 33. cxd4 Rgh5
34. Ng3 Rg5 35. Rf1+ Ke7 36. Nf5+ Kd7 37. Ne3 Nxd4 38. b4 b5 39. Rf7+ Ke8 40.
Rxc7 a6 41. Bd3 Rh3 42. Kf2 Rh4 43. g3 Rh2+ 44. Ng2 d5 45. exd5 Rxd5 46. g4 Rg5
47. Kg3 Rh6 48. Ne3 Nc6 49. a3 Re6 50. Kf4 Rge5 51. Nf5 Rf6 52. g5 Rfe6 53. Ng7+
Kf8 54. Nxe6+ Rxe6 55. Bf5 Re7 56. Rxc6 Ra7 57. g6 Kg8 58. Kg5 Kg7 59. Bc8 Ra8
60. Bxa6 Rxa6 61. Rxa6 1-0

[Event "AUTO-INT-1998"]
[Site "http://www.queenalice.com/game.php?id=920919"]
[Date "2011.4.2"]
[Round "1"]
[White "Ralfostarr"]
[Black "epc"]
[Result "0-1"]
[WhiteElo "1446"]
[BlackElo "1687"]

1. e4 e5 2. Qh5 Nf6 3. Qxe5+ Be7 4. Qg5 Nxe4 5. Qxg7 d5 6. Bb5+ c6 7. Be2 Rf8 8.
d3 Nc5 9. Bh6 Nba6 10. Qxh7 Bg5 11. Bxf8 Kxf8 12. Bh5 Be6 13. Nf3 Nb4 14. Na3
Qf6 15. Nxg5 Qxg5 16. Qh8+ Qg8 17. Qd4 Nba6 18. O-O-O Qg5+ 19. Kb1 Qxh5 20. h3
Nd7 21. Qf4 Ke7 22. Rhe1 c5 23. Qf3 Nf6 24. g4 Qg5 25. d4 Rc8 26. c4 Qg6+ 27.
Kc1 Nb4 28. cxd5 Nfxd5 29. Nb5 Qc2# 0-1

[Event "Challenge"]
[Site "http://www.queenalice.com/game.php?id=925962"]
[Date "2011.4.14"]
[Round "-"]
[White "epc"]
[Black "APSHOOTER"]
[Result "0-1"]
[WhiteElo "1705"]
[BlackElo "1703"]

1. e4 d5 2. Nc3 d4 3. Nce2 e5 4. Ng3 a6 5. Nf3 Nc6 6. Be2 h6 7. O-O Nf6 8. c3
Bc5 9. Re1 d3 10. Bf1 Bg4 11. b4 Bb6 12. Nf5 Bxf5 13. exf5 e4 14. Nh4 g5 15. Nf3
g4 16. Nh4 Qd7 17. Bb2 O-O-O 18. c4 Bd4 19. Bxd4 Nxd4 20. g3 Nf3+ 21. Nxf3 gxf3
22. Bh3 h5 23. Rb1 Rdg8 24. b5 Qd6 25. bxa6 Qxa6 26. Qb3 h4 27. Rxe4 Nxe4 28.
Qxd3 hxg3 29. Qxf3 Rxh3 30. Kg2 Rxh2+ 31. Kf1 Qxc4+ 32. Kg1 Rxf2 33. Qb3 Rg2+
0-1

[Event "Challenge"]
[Site "http://www.queenalice.com/game.php?id=936645"]
[Date "2011.5.10"]
[Round "-"]
[White "epc"]
[Black "APSHOOTER"]
[Result "0-1"]
[WhiteElo "1757"]
[BlackElo "1684"]

1. e4 d5 2. Nc3 d4 3. Nce2 e5 4. Ng3 h6 5. Nf3 Nc6 6. Bc4 Nf6 7. d3 Bb4+ 8. Bd2
Qe7 9. O-O Bxd2 10. Nxd2 a6 11. a4 Bg4 12. f3 Be6 13. Nf5 Bxf5 14. exf5 O-O-O
15. Ne4 Nb4 16. Re1 Nxe4 17. Rxe4 f6 18. f4 Nc6 19. c3 h5 20. Qb3 Na5 21. Be6+
Kb8 22. Qc2 Qc5 23. c4 h4 24. fxe5 fxe5 25. Qf2 Nb3 26. Rd1 Qe7 27. h3 Qg5 28.
Rxe5 Rdf8 29. c5 c6 30. Bxb3 g6 31. Be6 Rf6 32. Rf1 Rhf8 33. Qxd4 gxf5 34. Bxf5
Qd2 35. Rf2 Qc1+ 36. Kh2 Qg5 37. Qg4 Qh6 38. g3 hxg3+ 39. Kxg3 R6f7 40. b4 Rg7
0-1